| 000 | 01543nam a2200349 c 4500 | ||
|---|---|---|---|
| 999 |
_c185526 _d185526 |
||
| 003 | BLK | ||
| 005 | 20230929094335.0 | ||
| 008 | 180411b bul|||||r ||||||| ||bul|| | ||
| 010 | _aKNG00194520000 | ||
| 040 | _aBLK | ||
| 041 |
_aBUL _cBUL |
||
| 072 | 7 |
_2bullib _aА _xФонд Михаил Арнаудов |
|
| 080 |
_aЛитература _b82 _x(082)(075.3) _z82(082)(075.3) |
||
| 139 |
_aХристоматия за II гимназ. кл. _bХ 83 |
||
| 245 | 1 | 0 |
_aХристоматия за II гимназ. кл. _cсъстав. Божан Ангелов. |
| 257 | _aBGR | ||
| 260 |
_bХристо Г. Данов _c1915 |
||
| 300 |
_a403 с. _c24 см |
||
| 380 | _aX | ||
| 490 |
_9396381 _aЧастна колекция - Академик Михаил Арнаудов _gДарение - Основен фонд |
||
| 500 | _aПълното име на състав. е Божан Ангелов Великов. - Подпис на Михаил Арнаудов ; Кн. на Златка Арнаудова. - Мека подв., неразрязана. - Автограф с текст: г. М. Арнаудов от автора | ||
| 659 | _aА | ||
| 700 | 1 |
_aАнгелов, Божан _eсъстав. _gВеликов, Божан Ангелов _9374557 |
|
| 852 |
_aМА 1978 _bМА |
||
| 856 | 4 | _qpdf | |
| 856 | 4 | _qpdf | |
| 942 |
_cKNG _n0 _s1 _01 |
||
| 944 |
_aCR _c26.10.2016 _k30546 _lРенета Константинова |
||
| 944 |
_aED _c26.10.2016 _kГеновева_Генчева |
||
| 999 | _d185526 | ||
| 999 | _d185526 | ||